حياة سليمان / (رقم التسجيلة. 2494)

تفاصيل مارك
000 -الفاتح
عناصر البيانات ثابتة الطول 00549cam a2200181 i 4500
005 - تاريخ ووقت آخر معاملة
حقل ضبط 20251126090400.0
008 - عناصر البيانات ثابتة الطول
عناصر البيانات ثابتة الطول 250721n9999 le gr 000 0 ara d
082 14 - رقم تصنيف ديوي العشري
رقم التصنيف 211.81
رقم المادة ش ل ب
100 1# - مدخل رئيسي – اسم شخصي
الاسم الشخصي شلبي، محمود
علاقة الشخص بالعمل/ دوره مؤلف.
245 10 - بيان العنوان
العنوان حياة سليمان /
بيان المسؤولية محمودشلبي.
264 31 - بيانات النشر، التوزيع…إلخ
مكان النشر، التوزيع...إلخ بيروت :
اسم الناشر، الموزع...إلخ الجيل،
تاريخ النشر، التوزيع...إلخ [غير معروف].
300 ## - الوصف المادي
عدد الوحدات المكونة للوعاء 382 صفحة.
650 17 - مدخل إضافي بالموضوع - مصطلح موضوعي
مصطلح موضوعي أو اسم جغرافي كعنصر مدخل القرآن الكريم.
650 17 - مدخل إضافي بالموضوع - مصطلح موضوعي
مصطلح موضوعي أو اسم جغرافي كعنصر مدخل قصص القرآن.
650 17 - مدخل إضافي بالموضوع - مصطلح موضوعي
مصطلح موضوعي أو اسم جغرافي كعنصر مدخل الأنبياء.
942 ## - بيانات إضافية (كوها)
نوع التنصيف Dewey Decimal Classification
نوع المادة (كوها) كتب
المقتنيات
حالة السحب حالة الفقدان مصدر التصنيف حالة التلف غير قابل للإعارة المكتبة الرئيسية المكتبة الحالية موقع الرف تاريخ التزويد الرقم المتسلسل Total Checkouts رقم الإستدعاء الباركود تاريخ آخر ظهور تاريخ الفاتورة نوع المادة (كوها)
    Dewey Decimal Classification     المكتبة المركزية المكتبة المركزية الإعارة 06/07/2004 470694   211.81/شلب 470694 28/07/2025 06/07/2004 كتب
    Dewey Decimal Classification     مكتبة وادي السير العامة مكتبة وادي السير العامة الإعارة 14/04/2016 [1792]..   211.81/شلب PLD00386520 28/07/2025 14/04/2016 كتب
Implemented & Customized by: BBB with SCIT (Smart Chains for Information Technology)

Powered by Koha